Ιχθυοκαλλιέργειες εσωτερικών υδάτων : σολομοειδή, κυπρινοειδή, στουργιόνια, διακοσμητικά γατόψαρα, στοιχεία γενετικής

Αποθηκεύτηκε σε:
Λεπτομέρειες βιβλιογραφικής εγγραφής
Κύριος συγγραφέας: Πάσχος, Γιάννης, 1954-
Μορφή: Βιβλίο
Γλώσσα:Greek
Δημοσίευση: Ιωάννινα : [Γραφικές Τέχνες Θεοδωρίδη], 2004
Έκδοση:2η έκδ.
Θέματα:
Ετικέτες: Προσθήκη ετικέτας
Δεν υπάρχουν, Καταχωρήστε ετικέτα πρώτοι!

MARC

LEADER 00000cam a2200000 i 4500
001 1/96968
008 081110s2004 gre d
020 |a 950-92030-0-0 
035 |l 10101539 
040 |a GR-MY-UA  |b gre  |e aacr 
041 0 |a gre 
082 0 |a 639.31  |2 (22) 
100 1 |a Πάσχος, Γιάννης,   |d 1954- 
245 1 0 |a Ιχθυοκαλλιέργειες εσωτερικών υδάτων :  |b σολομοειδή, κυπρινοειδή, στουργιόνια, διακοσμητικά γατόψαρα, στοιχεία γενετικής /  |c Γιάννης Πάσχος 
250 |a 2η έκδ. 
260 |a Ιωάννινα :   |b [Γραφικές Τέχνες Θεοδωρίδη],   |c 2004 
300 |a xvii, 293 σ.;  |b εικ. (μερ. έγχρ.), πίν.;  |c 24 εκ. 
504 |a Βιβλιογραφία: σ. 263-293 
650 0 0 |a Fish culture. 
650 0 0 |a Freshwater fishes. 
650 0 0 |a Fishes  |x Feeding and feeds. 
852 |a INST  |b LESVOS  |e 20081110  |h 639.31 ΠΑΣ  |p 005100044280  |q 005100044280  |t BK  |y 0 
901 |a BIBL1-2008-3 
909 |a Λ  |b 141051 
970 |a ΓΙΑΛΑΜΑ  |b ΜΑΡΙΑ  |z 2008/11/10